Responses for show #7782 - Tuesday, June 12, 2018

Contestants

[<< previous game]

Jason Downer, a real estate agent from Anthem, Arizona

Rebecca Heide, an economist from Washington, D.C.

Catherine Ono, a software developer from Santa Clara, California (whose 1-day cash winnings total $23,201)

[next game >>]

Jeopardy! Round responses

TITLE PEOPLE: HOW NOVEL!
I NEED A DRINK
MEDICAL WORDS & PHRASES
THE KISS CAM
HQ TRIVIA
THE "IRS"
    $200 2
Garp

Rebecca
    $200 1
a margarita

Rebecca
    $200 19
a fever

Rebecca
    $200 26
Shrek

Jason
    $200 7
Nike

Rebecca
    $200 12
thirsty

Rebecca
    $400 3
Anne Rice

Jason
    $400 14
Southern Comfort

Catherine
    $400 20
contagious

Rebecca
    $400 27
From Here to Eternity

Jason
    $400 8
BMW

Rebecca
    $400 13
hirsute

Catherine
    $600 4
Nick and Norah

Catherine
    $600 15
a mint julep

Rebecca
    $600 21
rabies

Rebecca
    $600 28
Patrick Swayze

Catherine
    $600 9
Costco

Rebecca
    $600 16
an airship

Catherine
    $800 5
The Life of Pi

Rebecca
    $800 24
old-fashioned

Rebecca
    $800 22
tetanus

Catherine
    $800 29
(Al) Pacino

Catherine
    $800 10
Rolex

Rebecca
    $800 17
internal affairs

Rebecca
    $1000 6
Maisie

Triple Stumper
    $1000 25
Goldschlager

Rebecca
    $1000 23
herd immunity

Rebecca
    $4,200 30
Singin' in the Rain

Catherine
    $1000 11
André the Giant

Jason
    $1000 18
heirs

Triple Stumper

Scores at the first commercial break (after clue 15):

Catherine Rebecca Jason
$1,400 $4,000 $1,400

Scores at the end of the Jeopardy! Round:

Catherine Rebecca Jason
$8,400 $8,800 $2,000

Double Jeopardy! Round responses

CLASSICAL FAVORITES
THE FOUR SEASONS
1812 OVERTURES
THE BLUE DANUBE
FANFARE FOR THE COMMON MAN
NEW WORLD SYMPHONY
    $400 1
the Roma (or Gypsies)

Jason
    $400 12
spring chicken

Catherine
    $400 3
(Jason: Who is Napoleon?)

(Thomas) Jefferson

CatherineJason
    $400 7
Vienna

Rebecca
    $400 14
Christmas

Rebecca
    $400 21
Avatar

Rebecca
    $800 2
adagio

Catherine
    $800 15
"Autumn Leaves"

Jason
    $800 4
hawks

Catherine
    $800 8
the Black Sea

Jason
    $800 20
Let Us Now Praise Famous Men

Triple Stumper
    $800 22
Queen

Catherine
    $1200 17
Jupiter

Rebecca
    $1,000 16
(Jason: Winter?)

"Now is the winter of our discontent"

Jason
    $1200 5
Trafalgar

Jason
    $1200 9
strudels

Triple Stumper
    $1200 26
vice president

Triple Stumper
    $1200 23
Interstellar

Jason
    $1600 29
(Jason: Who is Wagner?)

Richard Strauss

Jason
Triple Stumper
    $1600 18
one swallow

Triple Stumper
    $2,000 6
(Jason: What is the War Act?)

the Embargo Act

Jason
    $1600 10
the Habsburgs

Jason
    $1600 27
(Rebecca: What is Chaucer?)

(John) Milton

CatherineRebecca
    $1600 24
Battlestar Galactica

Catherine
    $2000 30
The Sorcerer's Apprentice

Jason
    $2000 19
the Prague Spring

Catherine
    $2000 13
impressing them

Catherine
    $2000 11
the Rhine River

Triple Stumper
    $2000 28
populism

Rebecca
    $2000 25
No Man's Sky

Jason

Scores at the end of the Double Jeopardy! Round:

Catherine Rebecca Jason
$18,800 $11,600 $7,000

[wagering suggestions for these scores]

Final Jeopardy! Round responses

CHILDREN'S LIT
(Alex: [To Jason] E.B. White's novel.)
JasonWhat is Charlotte's Web?
$0
RebeccaWhat is Charlotte's Web?
$7,201
CatherineWhat is Charlotte's Web?
$4,401
Charlotte's Web

Final scores:

Catherine Rebecca Jason
$23,201 $18,801 $7,000
2-day champion: $46,402 2nd place: $2,000 3rd place: $1,000

Game dynamics:

Coryat scores:

Catherine Rebecca Jason
$15,600 $11,600 $10,000
17 R
(including 1 DD),
0 W
21 R,
1 W
12 R,
4 W
(including 2 DDs)

Combined Coryat: $37,200

The J! Archive is created by fans, for fans. The Jeopardy! game show and all elements thereof, including but not limited to copyright and trademark thereto, are the property of Jeopardy Productions, Inc. and are protected under law. This website is not affiliated with, sponsored by, or operated by Jeopardy Productions, Inc. Join the discussion at JBoard.tv.